00957nam a22002657a 4500999001700000003000900017008004100026040007100067082002400138100002800162245002700190260004500217300002800262440004800290505002400338650002900362650001600391650001400407700004400421700004100465700004300506942001600549945002100565952010500586 c13466d13466AR-CdUCM190415b ||||| |||| 00| 0 spa d aMUNICIPALIDAD PROVINCIAL DEL CUSCOcBIBLIOTECA MUNICIPAL DEL CUSCO a848.8 /bP51 / 1942 aPhilippe ,Charles Louis aLa madre y el niño / aBuenos Aires :bEdiciones Imán,c1942. a171 páginas ;c18 cm. aProsistas Europeos Contemporáneos.931892 aContenido: Novelas. aLiteratura Francesa9614 aSiglo XX98 aNovela95 aEtchedehere, Mika (traducción)931893 aMuñoz, Gori (ilustración)931894 aCondesa de Noailles (prólogo)931895 2ddccLIBROS aachld2019-04-15 002ddc4070aSCAbSCAcCARTd2019-04-15g100.00o848.8 / P51 / 1942pSCA0002746r2019-04-15yLIBROS